| 000 | 00667nam a22002417a 4500 | ||
|---|---|---|---|
| 001 | 000772 | ||
| 003 | DO-SdBNP | ||
| 005 | 20171128104526.0 | ||
| 007 | 000772 | ||
| 008 | 161129b 1988 sp a ||||| |||| 00| 0 spa d | ||
| 020 | _a0394873416 | ||
| 040 |
_aBPMSU _bspa _cBPMSU |
||
| 082 |
_axxxx _bxxxx |
||
| 100 | 1 | _aBerenstain, Stan | |
| 240 | 1 | _aBad dream | |
| 245 | 1 | 0 |
_aThe Berenstain bears and the bad dream / _cStan & Jan Berenstain. |
| 260 |
_aNew York : _bRandom House, _c1988. |
||
| 300 |
_a[21] p. : _bil. ; _c21 cm. |
||
| 700 | 1 | _aBerenstain, Jan | |
| 942 |
_2ddc _cBK |
||
| 945 | _aInventariado 2017 | ||
| 956 |
_2LOPEREZ _310 _620161130 _8BPMSU _a00041 |
||
| 999 |
_c12182 _d12182 |
||